| 000 | 00510nam a2200169Ia 4500 | ||
|---|---|---|---|
| 999 |
_c24228 _d24228 |
||
| 003 | OSt | ||
| 005 | 20201221103705.0 | ||
| 008 | 190216s9999||||xx |||||||||||||| ||und|| | ||
| 040 | _coclc | ||
| 082 |
_a894.8121 _bMEN/N |
||
| 100 |
_aMenon, Vallathol Narayana _97417 |
||
| 245 | 0 |
_aNagila / _cVallathol Narayana Menon |
|
| 260 |
_b"Vallathol Grandhalayam, Cheruthuruthi, _c1962. _aTrissur: |
||
| 300 | _a18p | ||
| 650 | _aKavithkal | ||
| 942 |
_cBK _2ddc _h894.8121 _iMEN/N _k894.8121 _mMEN/N |
||